| 000 | 00733nam a2200217 a 4500 | ||
|---|---|---|---|
| 005 | 20231128063639.0 | ||
| 008 | 040830s2003 mx r 000 0 spa d | ||
| 020 | _a9707014113 | ||
| 035 | _aUPN01000134435 | ||
| 049 | _aCG | ||
| 050 | 4 |
_aF1221 T9 _bP4.2 |
|
| 100 | 1 | _aPérez Pérez, Elías | |
| 245 | 1 | 3 |
_aLa crisis de la educación indígena en el área tzotzil : _bLos Altos de Chiapas / _cElías Pérez Pérez. |
| 260 |
_aMéxico : _bUPN : _bM. A. Porrúa, _c2003. |
||
| 300 | _a168 p. | ||
| 590 | _aTambién localizas un ejemplar en el "Area de Reserva" | ||
| 650 | 4 |
_aTZOTZILES - _xEDUCACION _927062 |
|
| 650 | 4 |
_aIndígenas de México _zChiapas _98413 |
|
| 650 | 4 |
_aEducación bilingüe _zChiapas _915018 |
|
| 905 | _aLibro | ||
| 999 |
_c106586 _d106586 |
||